000 00316nam a2200121Ia 4500
008 190216s9999||||xx |||||||||||||| ||und||
100 _aBrijilal And Subrahmanyam N-Brij Lal
245 0 _aNumerical Examples In Physics
260 _bS Chand & Co
_c1986
300 _a606p
650 _aNumerical Physics
942 _cBK
999 _c33080
_d33080